000 02126nam0a2200385 4500
001 RU\NLR\BIBL_A\022685570
005 20260323113123.0
010 _a978-5-16-114122-9
_bonline
010 _a978-5-16-021438-2
_bprint
_9500
021 _aRU
_bКН-П-25-061408
_9КН-П-25-5928
035 _a(NLR Aleph) 022685570
090 _a13643255
_c13643255
100 _a20251211d2026 u y0rusy50 ca
101 0 _arus
102 _aRU
105 _aab j 000yy
181 0 _ai
_b xxe
182 0 _an
200 1 _aРегиональное управление и территориальное планирование. Практикум
_eучебное пособие
_eдля студентов вузов, обучающихся по направлению подготовки "Государственное и муниципальное управление"
_fШпакова Р. Н.
203 _aТекст
_bвизуальный
_cнепосредственный
205 _a2-е изд., перераб. и доп.
210 _aМосква
_cИнфра-М
_d2026 (печ. 2025)
215 _a132 с.
_cил., табл., карты
_d21
225 1 _aМагистр
300 _aНа обороте тит. с. авт.: канд. геогр. наук, доц. Р. Н. Шпакова
320 _aБиблиогр.: с. 93–96 (28 назв.)
606 1 _aРегиональное управление
_yРоссийская Федерация
_jУчебные издания для высших учебных заведений
_2nlr_sh1
_2nlr_sh2
_3RU\NLR\AUTH\661254772
606 1 _aТерриториальное планирование
_yРоссийская Федерация
_jУчебные издания для высших учебных заведений
_2nlr_sh1
_2nlr_sh2
_3RU\NLR\AUTH\661306241
686 1 _aУ21(2)9(2Р)я73
686 1 _aУ23(2)8(2Р)я73
700 1 _aШпакова
_bР. Н.
_gРаиса Николаевна
942 _cBOOK
980 _aNB